Statistics for Guess reptiles by image

Click here to take the quiz!

General Stats

  • This quiz has been taken 29 times
  • The average score is 12 of 32

Answer Stats

Answer% Correct
Sea turtle
92%
Alligator/Gator
77%
Cobra
73%
Chameleon
69%
Alligator snapping turtle/Snapping turtle/Alligator turtle
65%
Iguana
62%
Gecko
58%
Komodo dragon
54%
Rattlesnake
54%
Anaconda
50%
Black mamba
50%
Caiman
46%
Boa
38%
Giant tortoise
38%
Sea snake
38%
Gharial
35%
Nile crocodile
35%
Python
35%
Saltwater crocodile
35%
Coral snake
27%
Monitor
27%
Leopard gecko
23%
Marine iguana/Sea iguana
23%
Tortoise
23%
Frilled lizard
19%
Lizard
15%
Thorny devil/moloch
15%
Viper
12%
Horned viper
8%
Tegu
8%
Green lizard
4%
Pond turtle/Pond slider
4%

Score Distribution

Percentile by Number Answered

Percent of People with Each Score

Your Score History

You have not taken this quiz